Subsidiárny rozmer rodinnej politiky
Koncepčné zámery štátnej rodinnej politiky SR, ktorú prijala vláda v júni 1996. V tomto dokumente sa predpokladá ústup od štátneho paternalizmu. Princíp subsidiarity v štátnej rodinnej politike. Tento princíp (lat. subsidium - pomoc) sa vzťahuje na tie oblasti života spoločnosti, kde ide o pomoc rel...
Salvato in:
| Autore principale: | |
|---|---|
| Natura: | Capitolo di libro |
| Lingua: | slovacco |
| Soggetti: | |
| Tags: |
Nessun Tag, puoi essere il primo ad aggiungerne!!
|
MARC
| LEADER | 00000naa a2200000 4500 | ||
|---|---|---|---|
| 001 | r026672 | ||
| 005 | 20230807092927.6 | ||
| 041 | 0 | |a slo | |
| 044 | |a SK | ||
| 245 | 1 | 0 | |a Subsidiárny rozmer rodinnej politiky |c T. Lenczová |
| 520 | |a Koncepčné zámery štátnej rodinnej politiky SR, ktorú prijala vláda v júni 1996. V tomto dokumente sa predpokladá ústup od štátneho paternalizmu. Princíp subsidiarity v štátnej rodinnej politike. Tento princíp (lat. subsidium - pomoc) sa vzťahuje na tie oblasti života spoločnosti, kde ide o pomoc relatívne silnejšieho slabšiemu alebo z pozície vyššej riadiacej úrovne. | ||
| 610 | 2 | 0 | |a politika rodinná |
| 610 | 2 | 0 | |a subsidiarita |
| 610 | 2 | 0 | |a rodina |
| 610 | 2 | 0 | |a Slovensko |
| 610 | 2 | 0 | |a koncepcie |
| 610 | 2 | 0 | |a programy vládne |
| 100 | 1 | |a Lenczová, T. | |